Themenwandel: Schlesien als Topos der deutschsprachigen Literatur

Titel: Themenwandel: Schlesien als Topos der deutschsprachigen Literatur / Yvonne Pörzgen
Verfasser:
In: Germanoslavica, Band 26, Heft 1 (2015), Seite 29-47
alle Artikel anzeigen
Veröffentlicht: 2015
Format: Aufsatz
Sprache: Deutsch
Schlagworte:
Kein Bild verfügbar
X
alg: 36824641
001A    $04504:07-01-16 
001B    $06050:28-05-20 $t13:27:00.000 
001C    $04504:07-01-16 $t11:07:50.000 
001D    $04504:07-01-16 
001U    $0utf8 
001X    $00 
002@    $0Aou 
002C    $aText $btxt $2rdacontent 
002D    $aohne Hilfsmittel zu benutzen $bn $2rdamedia 
002E    $aBand $bnc $2rdacarrier 
003@    $0368246418 
007A    $0368246418 $aHEB 
010@    $ager 
010E    $erda 
011@    $a2015 
021A    $aThemenwandel: Schlesien als Topos der deutschsprachigen Literatur $hYvonne Pörzgen 
028A    $BVerfasser $#Percgen, I. $4aut $7123572665 $8Pörzgen, Yvonne$Z1977- [Tp3] $9154453668 
031A    $d26 $e1 $h29-47 $j2015 
039B    $aEnthalten in $8--Abvc--. Germanoslavica. - Hildesheim : Olms, 1931-. - ISSN 1210-9029 $x201500000260001971 $9047348615 
044K    $RSüdgermanische Sprachen $#German language $#Allemand (langue) $#Neuhochdeutsch $#Deutsche Sprache $#Hochdeutsch $74113292-0 $8Deutsch [Tsz] $9085334081 
044K    $RBuch $RSchriftsteller $#Literature $#Littérature $#Letteratura $#Literatura $#literature $#Literature $#Literatur $#Literatur $#Belletristik $#Dichtung Literatur $#Schöne Literatur $#Sprachkunst $#Wortkunst $74035964-5 $8Literatur [Tsz] $9085097128 
044K    $RMotiv $74233769-0 $8Schlesien$gMotiv [Ts1] $9086222090 
045T    $a7,20 $a25 $a7,41 $a7,39 
045T    $aLING $qDE-30 $2FID 
045T    $aGER $qDE-30 $2FID 
045T    $aAVL $qDE-30 $2FID 
045V    $818.09.00$jStoffe. Motive. Themen [Tkx] $9118843753 
045V    $819.09.00$jStoffe. Motive. Themen [Tkx] $9118843826 

lok: 36824641 62

exp: 36824641 62 1 #EPN
201B/01 $007-01-16 $t22:06:22.000 
203@/01 $0765503654 
208@/01 $a07-01-16 $be 
209A/01 $a/ $f000 $x00 
209B/01 $a2016 $x05 
247C/01 $8Frankfurt, Bibliographie der Deutschen Sprach- und Literaturwissenschaft $9113214561 
201U/01 $0utf8 

lok: 36824641 78

exp: 36824641 78 1 #EPN
201B/01 $016-08-18 $t15:22:34.000 
201C/01 $016-08-18 
201U/01 $0utf8 
203@/01 $01026344603 
208@/01 $a16-08-18 $be 
209A/01 $a/ $f000 $x00 
209A/01 $ab*p $x01 
220C/01 $apgar 
244Z/01 $#Generalgouvernement Polen $#Polska $#Rzeczpospolita Polska $#Polska Rzeczpospolita Ludowa $#Poland $#Pologne $#République Polonaise $#Generalne Gubernatorstwo w Polsce $#Polish People's Republic $#Polska Rzeczpospolita Polen $#PRL $#RP $#Polen Generalgouvernement $#Polska Generalgouvernement $#Besetzte Polnische Gebiete $#Besetztes Gebiet in Polen $#Okupowane Polskie Obszary $#Obszary Okupowane w Polsce $#Volksrepublik Polen $#Polska Rosyjska $#Republic Polen $#Respublika Pol'ša $#Pol'skaja Narodnaja Respublika $#République de Pologne $#Polen Links der Weichsel $#Polska po Lewej Stronie Wisły $#Lenkija $#Polija $#Gubernija Carstva Pol'skago $#Republik Polen $74046496-9 $8--Tg1--Polen $x01 $9085129801 
244Z/01 $#Schlesien $#Schlesien $#Herzogtum Schlesien $#Herzogtum Schlesien Schlesien $#Provinz Schlesien $#Śla̜sk $#Slezsko $#Silesia $74052678-1 $8--Tg1--Schlesien $x02 $9085146781 
247C/01 $82080>Marburg/Lahn, Herder-Institut, Forschungsbibliothek, Bibliographieportal $9336309341
LEADER 00000caa a2200000 c 4500
001 368246418
003 DE-603
005 20200528132700.0
007 tu
008 160107s2015 xx |||| | u00||u|ger c
035 |a (DE-599)HEB368246418 
040 |a DE-603  |b ger  |c DE-603  |d DE-603  |e rda 
041 |a ger 
084 |a 7,20  |a 25  |a 7,41  |a 7,39  |2 ssgn 
084 |a LING  |q DE-30  |2 fid 
084 |a GER  |q DE-30  |2 fid 
084 |a AVL  |q DE-30  |2 fid 
100 1 |a Pörzgen, Yvonne  |d 1977-  |e Verfasser  |4 aut  |0 (DE-603)154453668  |0 (DE-588)123572665  |2 gnd 
245 0 0 |a Themenwandel: Schlesien als Topos der deutschsprachigen Literatur  |c Yvonne Pörzgen 
264 0 |c 2015 
336 |a Text  |b txt  |2 rdacontent 
337 |a ohne Hilfsmittel zu benutzen  |b n  |2 rdamedia 
338 |a Band  |b nc  |2 rdacarrier 
650 7 |a Deutsch  |0 (DE-588)4113292-0  |0 (DE-603)085334081  |2 gnd 
650 7 |a Literatur  |0 (DE-588)4035964-5  |0 (DE-603)085097128  |2 gnd 
650 7 |a Schlesien  |g Motiv  |0 (DE-588)4233769-0  |0 (DE-603)086222090  |2 gnd 
773 0 8 |i Enthalten in  |t Germanoslavica  |d Hildesheim : Olms, 1931-  |x 1210-9029  |g Band 26, Heft 1 (2015), Seite 29-47  |w (DE-603)047348615  |w (DE-600)216758-X 
924 0 |9 603  |a (DE-603)765503654  |b DE-603  |c HES  |d d 
924 0 |9 2080  |a (DE-603)1026344603  |b DE-2080  |c HES  |d d  |g /